Markets (Record no. 83254)
[ view plain ]
| 000 -LEADER | |
|---|---|
| fixed length control field | 01182cab a22002055a 4500 |
| 001 - CONTROL NUMBER | |
| control field | L153290 |
| 008 - FIXED-LENGTH DATA ELEMENTS--GENERAL INFORMATION | |
| fixed length control field | 110706e20110701xxk 000 0 eng d |
| 035 ## - SYSTEM CONTROL NUMBER | |
| System control number | (Sirsi) u153290 |
| 041 0# - LANGUAGE CODE | |
| Language code of text/sound track or separate title | eng |
| 100 1# - MAIN ENTRY--PERSONAL NAME | |
| Personal name | Eade, Christine |
| 245 00 - TITLE STATEMENT | |
| Title | Markets |
| Remainder of title | Leisure |
| 260 ## - PUBLICATION, DISTRIBUTION, ETC. | |
| Date of publication, distribution, etc. | 2011 |
| 490 #0 - SERIES STATEMENT | |
| Series statement | Property Week |
| Volume/sequential designation | 77(26) 1 July 2011, 51-56(4) |
| 520 ## - SUMMARY, ETC. | |
| Summary, etc. | Mixed fortunes for commercial development on courses in south-east England: Claudel's plans for a luxury hotel at Hersham Golf Course are turned down but London Golf Club near Sevenoaks gained permission for a 130-bedroom hotel on grounds within the green belt. New focus on children's entertainment to improve Birmingham's troubled leisure complex Star City. Wagamama and Patisserie Valerie food chains are going through a growth spurt nurtured by private equity owners. Pub closures halved last year to 25 a week. Reef Estate-owned Cycle park-gym hybrid H2bikerun has opened its first outlet in London. |
| 590 ## - LOCAL NOTE (RLIN) | |
| Local note | KA |
| 651 #4 - SUBJECT ADDED ENTRY--GEOGRAPHIC NAME | |
| Geographic name | United Kingdom |
| Chronological subdivision | |
| 690 ## - LOCAL SUBJECT ADDED ENTRY--TOPICAL TERM (OCLC, RLIN) | |
| Topical term or geographic name as entry element | PROPERTY-COMMERCIAL PROPERTY-COMMERCIAL PROPERTY MARKET |
| 690 ## - LOCAL SUBJECT ADDED ENTRY--TOPICAL TERM (OCLC, RLIN) | |
| Topical term or geographic name as entry element | PROPERTY-COMMERCIAL PROPERTY-COMMERCIAL PROPERTY FINANCE AND INVESTMENT |
| 942 ## - ADDED ENTRY ELEMENTS (KOHA) | |
| Suppress in OPAC | 0 |
| Withdrawn status | Lost status | Source of classification or shelving scheme | Damaged status | Not for loan | Home library | Current library | Shelving location | Date acquired | Total Checkouts | Full call number | Barcode | Date last seen | Copy number | Price effective from | Koha item type |
|---|---|---|---|---|---|---|---|---|---|---|---|---|---|---|---|
| Dewey Decimal Classification | London | London | Journal article | 06/07/2011 | L153290 | 153290-1001 | 06/08/2019 | 1 | 06/08/2019 | Journal article |